Lucifer Figuren - Statistiken

Allgemein
  • Dieses Quiz wurde 130 mal gespielt
  • Das Durchschnittsergebnis liegt bei 6 aus 10
Antwortstatistiken
Schauspieler Charakter % Korrekt
Tom Ellis Lucifer
100%
Lauren German Chloe Decker
81%
Kevin Alejandro Dan Espenoza
75%
Rachel Harris Linda Martin
61%
Aimee Garcia Ella Lopez
57%
D. B. Woodside Amanadiel
49%
Scarlet Evetez Trixxie
46%
Dennis Haybert Gott
37%
Lesley-Ann Brandt Mazikeen
36%
Eva
17%
Keine übereinstimmenden Quizze gefunden
Verteilung der Resultate
Anzahl Personen mit jedem Resultat
Perzentil nach korrekt beantworteten Fragen
Ihre Resultats-Entwicklung
Sie haben dieses Quiz noch nicht gespielt